[Event "Challenge"]
[Site "http://www.queenalice.com/game.php?id=717396"]
[Date "2010.1.20"]
[Round "-"]
[White "fieldesigner"]
[Black "billystar"]
[Result "1-0"]
[WhiteElo "1278"]
[BlackElo "1413"]

1. e4 e5 2. Qh5 g6 3. Qxe5+ Qe7 4. Qxh8 Nh6 5. Nc3 Nc6 6. Nb5 Qd8 7. Bc4 Ne5 8.
Bb3 Nc6 9. Qxh7 Ne5 10. Qh8 Nc6 11. Nf3 d6 12. Qc3 a6 13. Na3 f6 14. d3 Ng4 15.
O-O a5 16. Qc4 Nb4 17. Qg8 Ne5 18. Nxe5 dxe5 19. Qxg6+ Kd7 20. Qh7+ Ke8 21. Ba4+
c6 22. c4 Nxd3 23. Rb1 Qd4 24. Qg6+ Ke7 25. Be3 Qd7 26. Rbd1 Qe8 27. Qg3 Nxb2
28. Bb3 Nxd1 29. Rxd1 a4 30. Bc2 Bd7 31. f4 Kd8 32. fxe5 Bxa3 33. exf6 Kc8 34.
Bf4 Bc5+ 35. Kf1 Qh8 36. f7 a3 37. Qg5 Bb4 38. e5 Ra5 39. Bf5 Kc7 40. Rxd7+ Kb6
41. Rd8 Bf8 42. Qg8 Qg7 43. Qh7 Ra4 44. Bc1 Qxe5 45. Rxf8 Rxc4 46. Bxa3 Qf4+ 47.
Ke2 Qe5+ 48. Kd3 Qd5+ 49. Ke3 Rc3+ 50. Bd3 Qg5+ 51. Kd4 Rxa3 52. Re8 Ra4+ 53.
Bc4 Qd2+ 54. Ke5 Qc3+ 55. Kf5 Qc2+ 56. Kf6 Qc3+ 57. Re5 Qxc4 58. f8=Q Qf4+ 59.
Rf5 Qd4+ 60. Kg5 Qg4+ 61. Kf6 Qd4+ 62. Re5 Qf4+ 63. Qf5 Qh4+ 64. Qg5 Rf4+ 65.
Kg7 Qxg5+ 66. Rxg5 Rxf8 67. Kxf8 c5 68. a4 Kc6 69. Ke7 c4 70. Re5 c3 71. Re2 Kc5
72. Rc2 Kc4 73. h4 Kb3 74. Rxc3+ Kxc3 75. h5 Kd2 76. h6 Ke2 77. h7 Kf2 78. h8=Q
Kxg2 79. Qb2+ Kf3 80. Qxb7+ Ke3 81. a5 Kf2 82. a6 Kf1 83. a7 Kf2 84. a8=Q Kg3
85. Qb4 Kf2 86. Qbe4 Kg3 87. Qg8+ Kf2 88. Qf8+ Kg3 89. Qff4+ Kh3 90. Qee3+ Kg2
91. Qfg3+ Kh1 92. Qeg1# 1-0

[Event "Challenge"]
[Site "http://www.queenalice.com/game.php?id=719848"]
[Date "2010.1.25"]
[Round "-"]
[White "lorenzaassuncao"]
[Black "billystar"]
[Result "0-1"]
[WhiteElo "1146"]
[BlackElo "1371"]

1. Nf3 e6 2. e4 d5 3. Bb5+ c6 4. Na3 a6 5. Bd3 Bd6 6. Ng5 Qd7 7. Qg4 Nf6 8. Qh3
h6 9. exd5 cxd5 10. b4 Bxb4 11. Bb2 d4 12. Nc4 Qb5 13. a3 Bc5 14. O-O Qc6 15.
Na5 Qc7 16. Rae1 Qxa5 17. Re2 Qc7 18. g3 e5 19. Nf3 Bxh3 20. Ra1 Nbd7 21. Nxe5
O-O 22. c3 Nxe5 23. c4 Nxd3 24. Rb1 Rfe8 25. a4 Rxe2 26. f3 Rg2+ 27. Kh1 Qa5 28.
Ba1 Nf2# 0-1

[Event "Challenge"]
[Site "http://www.queenalice.com/game.php?id=721827"]
[Date "2010.1.28"]
[Round "-"]
[White "markgrim83"]
[Black "billystar"]
[Result "0-1"]
[WhiteElo "826"]
[BlackElo "1384"]

1. e3 e5 2. Nh3 d5 3. b3 Nf6 4. g3 h5 5. Bg2 e4 6. Ba3 c5 7. c4 Bg4 8. Qc2 Nc6
9. cxd5 Qxd5 10. Nf4 Qd6 11. Nc3 Ne5 12. b4 Nd3+ 13. Kf1 Qe5 14. Qa4+ Bd7 15. b5
b6 16. Bh3 Nxf4 17. gxf4 Bxh3+ 18. Ke1 Qe6 19. Qa6 Qe7 20. Rg1 h4 21. Rg5 Bc8
22. Qa4 Qb7 23. Re5+ Be6 24. Qb3 Qd7 25. Rd1 Ng4 26. Rxe4 Nxh2 27. d4 O-O-O 28.
Ke2 Bxb3 29. axb3 Qg4+ 30. Kd3 h3 31. b4 Nf3 32. Kc4 h2 33. Ne2 h1=Q 34. Rd3 Qd1
35. Rxd1 Rh2 36. Rf1 f5 37. Re6 g5 38. d5 gxf4 39. exf4 Qg2 40. Rc6+ Kb7 41. Bb2
Qxf1 42. Bf6 Qxe2+ 43. Kc3 Rxd5 44. Kb3 Rd3+ 45. Kc4 Qc2+ 46. Bc3 Qxc3# 0-1

[Event "Challenge"]
[Site "http://www.queenalice.com/game.php?id=722238"]
[Date "2010.1.29"]
[Round "-"]
[White "lgraham"]
[Black "billystar"]
[Result "1-0"]
[WhiteElo "1085"]
[BlackElo "1370"]

1. e4 e5 2. Nf3 d6 3. d4 Bg4 4. Be2 Nc6 5. dxe5 Bxf3 6. Bxf3 Nxe5 7. Nc3 c6 8.
O-O Nxf3+ 9. Qxf3 Qd7 10. Bg5 f6 11. Bh4 g5 12. Bg3 O-O-O 13. Rad1 h5 14. h4 Kb8
15. Qf5 Qe8 16. hxg5 Bg7 17. Bxd6+ Ka8 18. Qf4 Qe6 19. Bb4 Qe8 20. Rxd8+ Qxd8
21. Rd1 Qe8 22. gxf6 Nxf6 23. Qg5 Qf7 24. b3 Nh7 25. Qd2 Nf6 26. Qd8+ Rxd8 27.
Rxd8# 1-0

[Event "Challenge"]
[Site "http://www.queenalice.com/game.php?id=723497"]
[Date "2010.1.31"]
[Round "-"]
[White "kellyannsims"]
[Black "billystar"]
[Result "0-1"]
[WhiteElo "1176"]
[BlackElo "1352"]

1. e4 e5 2. Bc4 Nh6 3. Qf3 Qe7 4. Nh3 Nc6 5. O-O b6 6. b3 d6 7. Nc3 Nb4 8. Bb5+
Bd7 9. Ba3 Nxc2 10. Bb2 Nxa1 11. Rxa1 a6 12. Nd5 Qe6 13. Nxc7+ Ke7 14. Ng5 Qg4
15. Nd5+ Ke8 16. Nc7+ Ke7 17. Nxa8 Bxb5 18. d3 f6 19. h3 Qxg5 20. Nxb6 Bc6 21.
Nc8+ Kd8 22. Na7 Bb7 23. Rc1 Kd7 24. b4 f5 25. exf5 Bxf3 26. Rc4 Qd2 27. Rc1
Qxb2 28. Re1 Bd5 29. a3 Qxa3 30. f6 Qxb4 31. d4 Qxe1+ 32. Kh2 exd4 33. fxg7 Bxg7
34. Nc6 Bxc6 35. h4 Be5+ 36. Kh3 Qh1# 0-1

[Event "Challenge"]
[Site "http://www.queenalice.com/game.php?id=726173"]
[Date "2010.2.5"]
[Round "-"]
[White "vivi_jamile"]
[Black "billystar"]
[Result "0-1"]
[WhiteElo "988"]
[BlackElo "1373"]

1. e4 e5 2. Nf3 d6 3. Bc4 Qd7 4. O-O b5 5. Bb3 Nc6 6. d3 h6 7. Be3 Nf6 8. Nc3
Ng4 9. Bd5 Bb7 10. Nxb5 Nxe3 11. fxe3 Ba6 12. Nc3 g6 13. Nd4 Bb7 14. Na4 exd4
15. exd4 h5 16. Bxf7+ Ke7 17. Bxg6 h4 18. g3 Nxd4 19. c3 Nb5 20. gxh4 Rxh4 21.
Qf3 Qg4+ 22. Kf2 Qxg6 23. c4 Rxh2+ 24. Ke3 Bh6+ 25. Qf4 Bxf4+ 26. Kxf4 Rf8+ 27.
Ke3 Qg3+ 28. Rf3 Rxf3# 0-1

[Event "Challenge"]
[Site "http://www.queenalice.com/game.php?id=730329"]
[Date "2010.2.11"]
[Round "-"]
[White "soonersam"]
[Black "billystar"]
[Result "0-1"]
[WhiteElo "1167"]
[BlackElo "1361"]

1. e4 d5 2. exd5 Qxd5 3. Nc3 Qe6+ 4. Be2 Qc6 5. f3 Nf6 6. g4 g5 7. b3 a6 8. Nh3
h6 9. Ne4 Bg7 10. Nhf2 Nd5 11. Nd3 Bxa1 12. c3 Nd7 13. b4 b6 14. Ba3 Bxc3 15.
dxc3 Ne3 16. Qd2 Ng2+ 17. Kf1 Nh4 18. c4 Qa4 19. Qb2 f6 20. b5 Ng6 21. bxa6 Bxa6
22. h3 e5 23. Ndf2 Qc6 24. Nd3 Qe6 25. Qc2 Nf4 26. Qa4 Nxe2 27. Kxe2 Bb7 28. Qb3
Ba6 29. Ke1 O-O-O 30. Qa4 Nb8 31. Qb3 Bxc4 32. Qc3 Rxd3 33. Qb4 Rhd8 34. Qa4
Rxf3 35. Nd6+ cxd6 36. Kd1 Qd5+ 37. Kc1 Rc3+ 38. Kb2 Qd2+ 39. Ka1 Bd3 40. Bb2
Rc5 41. a3 Qg2 42. Rd1 Qxh3 43. Qa7 Rc2 44. Qxb6 Rd7 45. a4 Qf3 46. Re1 Qxg4 47.
a5 Qa4+ 48. Kb1 Re2+ 49. Kc1 Rxe1+ 50. Kd2 Qd1+ 51. Kc3 Qc2+ 52. Kb4 Re4+ 53.
Ka3 Ra4# 0-1

[Event "Challenge"]
[Site "http://www.queenalice.com/game.php?id=731209"]
[Date "2010.2.13"]
[Round "-"]
[White "Cleide"]
[Black "billystar"]
[Result "1-0"]
[WhiteElo "1387"]
[BlackElo "1377"]

1. e3 d5 2. d4 e6 3. a3 Nf6 4. c4 Na6 5. b4 c6 6. Nf3 h6 7. Nc3 Ne4 8. Bb2 g5 9.
b5 Nxc3 10. Bxc3 cxb5 11. cxb5 Nc7 12. a4 b6 13. Ne5 Qe7 14. Nc6 Qd6 15. Qh5 Bb7
16. Ne5 Rh7 17. Bd3 Qe7 18. O-O a6 19. Bxh7 O-O-O 20. Nxf7 Re8 21. Bg6 Qd7 22.
Ne5 Qg7 23. Bxe8 Kb8 24. Nd7+ Ka7 25. f4 Nxe8 26. Qxe8 Bd6 27. Qxe6 Bc7 28. f5
g4 29. f6 Qg5 30. f7 Bc8 31. f8=Q Bxd7 32. Qee7 Bxh2+ 33. Kxh2 g3+ 34. Kg1 Qxe7
35. Qxe7 h5 36. Qxd7+ Kb8 37. Rf8# 1-0

[Event "Challenge"]
[Site "http://www.queenalice.com/game.php?id=731217"]
[Date "2010.2.13"]
[Round "-"]
[White "billystar"]
[Black "lgraham"]
[Result "1-0"]
[WhiteElo "1365"]
[BlackElo "1134"]

1. c4 d6 2. e4 e5 3. Nc3 Nf6 4. Be2 Be6 5. Na4 Nxe4 6. Qc2 Bf5 7. Nf3 Qf6 8. g3
Nc6 9. Qb3 b6 10. d3 Nd4 11. Nxd4 exd4 12. Qb5+ Bd7 13. Qd5 Bxa4 14. Qxe4+ Kd7
15. Qxa8 a5 16. Bg4+ Ke7 17. O-O h5 18. Re1+ 1-0

[Event "Let's Play Chess!"]
[Site "http://www.queenalice.com/game.php?id=732837"]
[Date "2010.2.17"]
[Round "-"]
[White "Xmen"]
[Black "billystar"]
[Result "1-0"]
[WhiteElo "1541"]
[BlackElo "1372"]

1. e4 e5 2. Nf3 d6 3. c3 c6 4. d4 f6 5. Be3 Nh6 6. dxe5 dxe5 7. Qxd8+ Kxd8 8.
Bc4 b5 9. Bd3 Nd7 10. Nbd2 Ng4 11. a3 Nxe3 12. fxe3 g5 13. c4 Ba6 14. Rc1 Nc5
15. Rc3 Na4 16. Rb3 Bc5 17. cxb5 cxb5 18. Bxb5 Bxb5 19. Rxb5 Bxe3 20. Nc4 Bd4
21. Nxd4 exd4 22. Rd5+ Kc8 23. O-O Rf8 24. Nd6+ Kc7 25. Rc1+ Kd7 26. Nf5+ Ke8
27. Nd6+ Ke7 28. Nf5+ Ke6 29. Rc6+ Kf7 30. Rc7+ Kg8 31. Rg7+ Kh8 32. Rdd7 Rac8
33. Rxh7+ Kg8 34. Rdg7# 1-0

[Event "Let's Play Chess!"]
[Site "http://www.queenalice.com/game.php?id=733064"]
[Date "2010.2.17"]
[Round "-"]
[White "guilhermeco"]
[Black "billystar"]
[Result "0-1"]
[WhiteElo "1109"]
[BlackElo "1367"]

1. e4 e5 2. d4 Bd6 3. dxe5 Bxe5 4. Qd5 Qe7 5. Bg5 f6 6. Bh4 Bxb2 7. Qb5 Bxa1 8.
Bc4 Qxe4+ 9. Ne2 Qxh4 10. g3 Qe4 0-1

[Event "Challenge"]
[Site "http://www.queenalice.com/game.php?id=829083"]
[Date "2010.9.7"]
[Round "-"]
[White "YuGi"]
[Black "billystar"]
[Result "0-1"]
[WhiteElo "1294"]
[BlackElo "1369"]

1. e4 e5 2. Qf3 Nh6 3. Bc4 Qe7 4. Nh3 f6 5. b3 c5 6. Qh5+ g6 7. Qd1 Qd6 8. Ba3
Qd4 9. d3 Qxa1 10. Nc3 Qxc3+ 11. Qd2 Qa1+ 12. Bc1 Qxa2 13. O-O Nc6 0-1

[Event "Let's Play Chess!"]
[Site "http://www.queenalice.com/game.php?id=850540"]
[Date "2010.10.25"]
[Round "-"]
[White "carlospianist"]
[Black "billystar"]
[Result "1-0"]
[WhiteElo "2073"]
[BlackElo "1406"]

1. d4 Nf6 2. c4 d5 3. Nc3 e6 4. a3 dxc4 5. e4 c5 6. e5 Nd5 7. Bxc4 Nxc3 8. bxc3
Qc7 9. Qe2 Qb6 10. Nf3 a5 11. O-O h6 12. Qc2 Nd7 13. a4 Qc6 14. Bb5 Qc7 15. Ba3
g5 16. Qe4 Be7 17. h3 Ra7 18. Nh2 b6 19. Ng4 Bb7 20. Qe2 Bc6 21. dxc5 bxc5 22.
Nf6+ Nxf6 23. exf6 Bxf6 24. Bxc5 Ra8 25. Rad1 Be7 26. Bd4 Rg8 27. Be5 Qb7 28.
Bxc6+ Qxc6 29. Qc2 Rg6 30. Rb1 Bd6 31. Bxd6 Qxd6 32. Rb5 g4 33. Qe4 Ra7 34. hxg4
Ra6 35. Rfb1 Ra7 36. Qe3 Ra8 37. Rb6 Qd5 38. c4 Qg5 39. Qxg5 Rxg5 40. f3 Ke7 41.
Kf2 Rd8 42. R1b5 Rd2+ 43. Kg3 Ra2 44. c5 Kd7 45. Rxa5 Ke7 46. Ra7+ Kf6 47. c6
Rg8 48. Rbb7 Rc2 49. Rxf7+ Kg6 50. Rfc7 Rc1 51. a5 Re8 52. Rg7+ Kf6 53. c7 Rc8
54. Rd7 Rc6 55. a6 e5 56. Rb7 Ke6 57. Rh7 Kd5 58. a7 Ra8 59. Rd7+ Kc5 60. Rd8
Rxa7 61. Rxa7 Kb6 62. c8=Q Rxc8 63. Rxc8 Kxa7 64. Kh4 Kb7 65. Rc1 Kb6 66. Kh5
Kb5 67. Kxh6 Kb4 68. g5 Kb3 69. g6 Kb2 70. Rc8 Kb3 71. g7 Kb2 72. g8=R Kb1 73.
Rg7 Kb2 74. Rb7+ Ka2 75. Ra8# 1-0

[Event "Let's Play Chess!"]
[Site "http://www.queenalice.com/game.php?id=853528"]
[Date "2010.11.2"]
[Round "-"]
[White "billystar"]
[Black "franckygauth"]
[Result "0-1"]
[WhiteElo "1386"]
[BlackElo "1673"]

1. e4 c5 2. Na3 a6 3. Nf3 e6 4. g3 d5 5. e5 Ne7 6. d4 Ng6 7. Bg5 Be7 8. Be3 c4
9. c3 Bd7 10. h4 f5 11. Bg5 h6 12. Be3 O-O 13. h5 Nh8 14. b3 b5 15. Nc2 Nf7 16.
Nh4 Bxh4 17. gxh4 Kh7 18. Qf3 Nh8 19. b4 Be8 20. Be2 Nc6 21. Rg1 Qd7 22. Bd2 Ra7
23. Ne3 a5 24. Ng2 axb4 25. cxb4 Qe7 26. a3 Nxd4 27. Qc3 Nc6 28. Be3 Qd7 29. Bc5
Rg8 30. Bxa7 Qxa7 31. Bd1 Qe7 32. Be2 g5 33. Rh1 d4 34. Qg3 f4 35. Qg4 Nxe5 36.
Qh3 d3 37. Bf3 c3 38. Kd1 Nxf3 39. Qxf3 Kg7 40. Ke1 Qd6 41. hxg5 Qe5+ 42. Kf1
hxg5 43. h6+ Kh7 44. Qb7+ Nf7 0-1

[Event "Challenge"]
[Site "http://www.queenalice.com/game.php?id=891827"]
[Date "2011.1.27"]
[Round "-"]
[White "billystar"]
[Black "kavalheiro"]
[Result "1-0"]
[WhiteElo "1384"]
[BlackElo "1530"]

1. e4 e6 2. Nc3 Qf6 3. a3 Bc5 4. Nh3 g5 5. b4 Bb6 6. Bb2 g4 7. Qxg4 Nh6 8. Qe2
e5 9. Nd5 Qc6 10. Qh5 Na6 11. Qxe5+ Kf8 12. Qxh8+ Ng8 13. c3 Qe6 14. Qxh7 f5 15.
Bd3 fxe4 16. Bxe4 c6 17. Nxb6 axb6 18. Nf4 Qe7 19. Ng6+ Ke8 20. Nxe7 Nxe7 21.
Qh8+ Kf7 22. c4 Ke6 23. Bf6 Kd6 24. Be5+ Ke6 25. Qf6# 1-0

[Event "Proxima????"]
[Site "http://www.queenalice.com/game.php?id=900094"]
[Date "2011.2.14"]
[Round "-"]
[White "billystar"]
[Black "kavalheiro"]
[Result "0-1"]
[WhiteElo "1398"]
[BlackElo "1508"]

1. e4 e6 2. Bc4 Nf6 3. Qe2 b6 4. d3 Bb4+ 5. c3 Ba5 6. b4 Nc6 7. bxa5 Nxa5 8. Bb5
c6 9. Ba4 b5 10. Bc2 Qb6 11. Nh3 h6 12. Be3 Qc7 13. Bf4 e5 14. Bg3 O-O 15. c4 b4
16. Nd2 d6 17. Nb3 Ng4 18. Qd2 f5 19. f4 fxe4 20. dxe4 Qb6 21. Qe2 Ba6 22. Qxg4
Bxc4 23. Nd2 Qe3+ 24. Kd1 b3 25. axb3 Nxb3 26. Bxb3 Bxb3+ 27. Nxb3 Qxb3+ 28. Ke2
exf4 29. Nxf4 Rae8 30. Nh5 Qc4+ 31. Ke3 Qc5+ 32. Kd3 Qb5+ 33. Ke3 Qb3+ 34. Ke2
Rf7 35. Bxd6 Re6 36. Bg3 g6 37. Nf4 Rxe4+ 38. Kf1 Qc4+ 39. Kf2 Qd4+ 40. Kf1
Qxa1+ 41. Be1 Qxe1# 0-1

[Event "Let's Play Chess!"]
[Site "http://www.queenalice.com/game.php?id=912086"]
[Date "2011.3.13"]
[Round "-"]
[White "billystar"]
[Black "mikec"]
[Result "1-0"]
[WhiteElo "1381"]
[BlackElo "1343"]

1. e4 Nc6 2. c3 Ne5 3. Be2 Nf6 4. f3 g6 5. d4 Nc6 6. e5 Nd5 7. Nh3 Bg7 8. Bc4 e6
9. Qd2 Na5 10. Be2 f6 11. b4 Nc6 12. Ba3 f5 13. f4 Qh4+ 14. Nf2 Bh6 15. g3 Qe7
16. b5 Qd8 17. bxc6 dxc6 18. Nh3 Bd7 19. Ng5 b6 20. h4 a5 21. h5 Qe7 22. Bxe7
Kxe7 23. hxg6 hxg6 24. Nf3 c5 25. Nh4 Bf8 26. Nxg6+ Kf7 27. Nxh8+ Kg7 28. Bf3 b5
29. Qh2 Ne3 30. Na3 Be7 31. Qh7+ Kf8 32. Qf7# 1-0

[Event "mais uma?"]
[Site "http://www.queenalice.com/game.php?id=921628"]
[Date "2011.4.4"]
[Round "-"]
[White "kavalheiro"]
[Black "billystar"]
[Result "1-0"]
[WhiteElo "1531"]
[BlackElo "1395"]

1. e3 d5 2. Qf3 Nh6 3. Bd3 Bg4 4. Qf4 f6 5. f3 e5 6. Qa4+ Bd7 7. Qb3 b6 8. Nc3
Bc6 9. e4 d4 10. Nd5 Bd6 11. Bb5 a6 12. Qa4 f5 13. Bxc6+ Nxc6 14. Qxc6+ Kf7 15.
Nh3 fxe4 16. fxe4 Qh4+ 17. Kd1 Qh5+ 18. Ke1 Qh4+ 19. Ke2 Qxe4+ 20. Kd1 Qf5 21.
d3 Ng4 22. Ng5+ Qxg5 23. Bxg5 Nf2+ 24. Kd2 Nxh1 25. Rf1+ Kg6 26. Bh4 Raf8 27.
Ne7+ Kh5 28. g4+ Kh6 29. Rxh1 g6 30. g5+ 1-0